| 000 | 00820nam a2200253Ia 4500 | ||
|---|---|---|---|
| 003 | OSt | ||
| 005 | 20220928103349.0 | ||
| 006 | a|||||r|||| 00| 0 | ||
| 007 | ta | ||
| 008 | 220927b |||||||| |||| 00| 0 eng d | ||
| 020 | _c995 | ||
| 024 | _a105105 | ||
| 037 |
_b94, 14/01/2010, Better Book Service _cTextual |
||
| 040 |
_aSDCL _cSDCL _beng |
||
| 041 |
_2eng _aeng |
||
| 082 | _aX655.2'P, P9 | ||
| 100 | _aOrganisation for Economic Co-Operation and Development | ||
| 245 | 0 |
_aOECD investment policy reviews _b India, 2009. |
|
| 260 |
_aNew Delhi _bAcademic Foundation _c2009 |
||
| 300 |
_a212p _ccm. |
||
| 650 |
_aCommerce _9353036 |
||
| 942 |
_hX655.2'P, P9 _cTEXL _2CC |
||
| 999 |
_c719524 _d719524 |
||